[Event "1st Chess Week"]
[Site "Winterthur SUI"]
[Date "2001.10.11"]
[Round "7"]
[White "Jovanovic,Do"]
[Black "Sofrigin,A"]
[Result "1-0"]
[WhiteElo "2164"]
[BlackElo "2299"]

1.c4 c5 2.Nf3 Nf6 3.Nc3 d5 4.d4 cxd4 5.Nxd5 Nxd5 6.cxd5 Qa5+ 7.Qd2 Qxd5 8.Qxd4 Qxd4
9.Nxd4 a6 10.e4 e5 11.Nf3 Nc6 12.a3 Bg4 13.Be3 Rc8 14.Rc1 Bd6 15.Be2 Ke7
16.Nh4 Be6 17.O-O g6 18.Nf3 Na5 19.Nd2 b5 20.b4 Nb3 21.Nxb3 Bxb3 22.Rxc8 Rxc8
23.Rc1 Rxc1+ 24.Bxc1 Bc2 25.f3 f5 26.exf5 gxf5 27.g4 fxg4 28.fxg4 Ke6 29.h4 e4
30.Kf2 Be5 31.Ke3 Kd5 32.g5 Bd4+ 33.Kf4 Be5+ 34.Ke3 Bg3 35.h5 Be5 36.Bg4 Bd4+
37.Kf4 Be5+ 38.Ke3 Kc4 39.Bf5 Bd4+ 40.Kf4  1-0

[Event "ULIM Cup"]
[Site "Kishnev MDA"]
[Date "2001.10.13"]
[Round "7"]
[White "Luzhinsky,V"]
[Black "Podgursky,S"]
[Result "0-1"]
[WhiteElo "2348"]
[BlackElo "2235"]

1.Nf3 Nf6 2.c4 c5 3.Nc3 b6 4.g3 Bb7 5.Bg2 e6 6.O-O Be7 7.Re1 O-O 8.e4 d6
9.d4 cxd4 10.Nxd4 Nfd7 11.Be3 Nc6 12.Rc1 Nxd4 13.Bxd4 Rc8 14.b3 Qc7 15.Qd2 Qb8
16.f4 Rfe8 17.Bf2 a6 18.g4 Bc6 19.g5 b5 20.cxb5 axb5 21.Ne2 Nc5 22.Nd4 Bd7
23.Rc3 Bf8 24.Rg3 g6 25.f5 exf5 26.exf5 gxf5 27.Rge3 Bg7 28.Rxe8+ Rxe8 29.Nc6 Rxe1+
30.Bxe1 Bxc6 31.Bxc6 Qb6 32.Qd5 Ne4+ 33.Kf1 Qe3 34.Qxf5 Qd3+ 35.Kg1 Bd4+
36.Kg2 Qc2+ 37.Kf3 Nd2+  0-1

[Event "6th Wichern Open"]
[Site "Hamburg GER"]
[Date "2001.10.17"]
[Round "5"]
[White "Rahman,Zia"]
[Black "Stephan,Ax"]
[Result "1-0"]
[WhiteElo "2476"]
[BlackElo "2311"]

1.Nf3 Nf6 2.c4 c5 3.Nc3 b6 4.d4 cxd4 5.Nxd4 d6 6.e4 Bb7 7.Bd3 e6 8.O-O Be7
9.b3 O-O 10.Bb2 a6 11.Qe2 Nc6 12.Nxc6 Bxc6 13.Rfe1 Nd7 14.Rad1 Re8 15.Bb1 Qc7
16.Qc2 g6 17.Nd5 Bxd5 18.cxd5 Qxc2 19.Bxc2 Rec8 20.Bb1 e5 21.g3 Rc7 22.h4 b5
23.Bd3 Nc5 24.Bf1 b4 25.Bxe5 Nxe4 26.Rxe4 dxe5 27.d6 Rd7 28.Rxb4 Bxd6 29.Rb6 Rad8
30.Rxa6 Bb4 31.Rxd7 Rxd7 32.a3 Be1 33.Bc4 Kg7 34.Kf1 Bc3 35.b4 f5 36.b5 Rd1+
37.Ke2 Rd2+ 38.Ke3 Rb2 39.Ra7+ Kh8 40.Kd3 Be1 41.Re7 e4+ 42.Ke3 Bxf2+ 43.Kf4 Rc2
44.Be6 Rc3 45.a4 Bxg3+ 46.Kg5  1-0

[Event "Lasker Autumn GM"]
[Site "Bucharest ROM"]
[Date "2001.10.18"]
[Round "6"]
[White "Grunberg,M"]
[Black "Manolache,M"]
[Result "0-1"]
[WhiteElo "2472"]
[BlackElo "2394"]

1.Nf3 Nf6 2.c4 c5 3.Nc3 g6 4.d4 Bg7 5.e4 d6 6.d5 O-O 7.h3 e6 8.Bd3 exd5 9.exd5 Re8+
10.Be3 a6 11.a4 Nbd7 12.O-O Nh5 13.Qd2 Ne5 14.Nxe5 Rxe5 15.Rfe1 Qh4 16.Ne4 h6
17.Nxd6 Bxh3 18.gxh3 Qxh3 19.Bf1 Qd7 20.Bxc5 Rg5+ 21.Bg2 Rxg2+ 22.Kxg2 Qg4+
23.Kf1 Qf3 24.Kg1 Nf4 25.Qxf4 Qxf4 26.Re4 Qg5+ 27.Kf1 Qh5 28.Rae1 Bf8 29.R1e3 b6
30.Ba3 Qd1+ 31.Kg2 Bxd6 32.Bxd6 Qxa4 33.Bc7 Rc8 34.Re7 Qxc4 35.d6 Rf8 36.f3 g5
37.Bxb6 Qc2+ 38.Re2 Qc6 39.d7 g4 40.R2e4 gxf3+ 41.Kxf3 f5 42.d8=Q Rxd8 43.Bxd8 fxe4+
44.Rxe4 Kf7 45.Bh4 Kg6 46.Kf4 Qd6+ 47.Kf3 Kf5 48.Ke3 Qh2 49.Bf2 Qxf2+  0-1

[Event "6th Wichern Open"]
[Site "Hamburg GER"]
[Date "2001.10.19"]
[Round "7"]
[White "Rahman,Zia"]
[Black "Womacka,M"]
[Result "1/2-1/2"]
[WhiteElo "2476"]
[BlackElo "2495"]

1.Nf3 c5 2.c4 Nf6 3.Nc3 e6 4.g3 b6 5.Bg2 Bb7 6.O-O Be7 7.Re1 d5 8.cxd5 Nxd5
9.e4 Nb4 10.d4 cxd4 11.Nxd4 N8c6 12.Nxc6 Qxd1 13.Rxd1 Bxc6 14.a3 Nc2 15.Ra2 Rd8
16.Rxd8+ Bxd8 17.Bd2 O-O 18.b4 Nd4 19.Be3 Bf6 20.f4 Rc8 21.e5 Nf5 22.Bd2 Be7
23.Bxc6 Rxc6 24.Ne2 f6 25.g4 Nh4 26.exf6 Bxf6 27.Kf2 Kf7 28.Be3 Ng6 29.Rd2 Nf8
30.Kf3 h6 31.Nd4 Rc3 32.Nb5 Rb3 33.Nxa7 Rxa3 34.Nc6 Rc3 35.Rd6 g5 36.f5 b5
37.h3 Rc4 38.Nd8+ Bxd8 39.Rxd8 exf5 40.gxf5 Ke7 41.Rd4 Nd7 42.Rxc4 Ne5+ 43.Ke4 Nxc4
44.Bd4 h5 45.Kd5 Na3 46.Kc5 g4 47.hxg4 hxg4 48.Be5 g3 49.Bxg3 Kf6  1/2-1/2

[Event "Sportland NRW Cup"]
[Site "Senden GER"]
[Date "2001.10.19"]
[Round "7"]
[White "Kalinitschew,S"]
[Black "Sturua,Z"]
[Result "1/2-1/2"]
[WhiteElo "2487"]
[BlackElo "2571"]

1.Nf3 Nf6 2.c4 e6 3.Nc3 c5 4.g3 Nc6 5.Bg2 d5 6.cxd5 Nxd5 7.O-O Be7 8.d4 O-O
9.Rb1 Bf6 10.dxc5 Bxc3 11.bxc3 Nxc3 12.Qxd8 Rxd8 13.Rb2 e5 14.Rc2 Nb5 15.Rb2 Nc3
16.Rc2 Nb5 17.Rb2 Nc3  1/2-1/2

[Event "Lasker Autumn GM"]
[Site "Bucharest ROM"]
[Date "2001.10.20"]
[Round "8"]
[White "Badea,B"]
[Black "Ionescu,Co"]
[Result "1/2-1/2"]
[WhiteElo "2530"]
[BlackElo "2481"]

1.Nf3 Nf6 2.c4 c5 3.Nc3 e6 4.d4 cxd4 5.Nxd4 a6 6.a3 d5 7.e3 Be7 8.Be2 O-O
9.cxd5 Nxd5 10.Nxd5 Qxd5 11.Bf3  1/2-1/2

[Event "TCh-SLO"]
[Site "Bled SLO"]
[Date "2001.10.21"]
[Round "4"]
[White "Tukmakov,V"]
[Black "Palac,M"]
[Result "1/2-1/2"]
[WhiteElo "2572"]
[BlackElo "2572"]

1.Nf3 c5 2.c4 Nf6 3.Nc3 d5 4.cxd5 Nxd5 5.d4 Nxc3 6.bxc3 g6 7.e4 Bg7 8.Be3 Qa5
9.Qd2 Nc6 10.Rb1 Bg4 11.d5 Rd8 12.Be2 O-O 13.O-O e6 14.Rfd1 exd5 15.exd5 Bxf3
16.Bxf3 Ne5 17.c4 Nxf3+ 18.gxf3 Qc7 19.d6 Qc6 20.Qd5 Qxd5 21.Rxd5 b6 22.d7 f5
23.Bg5 Bf6 24.h4 Rf7 25.Rbd1 Kg7 26.a4 h6 27.Bxf6+ Rxf6 28.a5 Kf7 29.axb6 axb6
30.Kg2 g5 31.Rd6 Ke7 32.R6d2 f4 33.Kf1  1/2-1/2

[Event "TCh-SLO"]
[Site "Bled SLO"]
[Date "2001.10.21"]
[Round "4"]
[White "Mikhalchishin,A"]
[Black "Vombek,D"]
[Result "1-0"]
[WhiteElo "2533"]
[BlackElo "2309"]

1.Nf3 Nf6 2.c4 c5 3.Nc3 b6 4.e3 g6 5.d4 Bg7 6.Be2 O-O 7.O-O d6 8.b3 Na6 9.Bb2 Bb7
10.Qd2 cxd4 11.Nxd4 Nc5 12.f3 Bh6 13.Rad1 d5 14.b4 e5 15.Nc2 d4 16.bxc5 bxc5
17.Na4 Nd7 18.Ba3 Qc7 19.Qe1 Rfc8 20.Bd3 Bc6 21.Nxc5 Nxc5 22.Bxc5 Ba4 23.exd4 exd4
24.Bxd4 Rd8 25.Ba1 Rxd3 26.Rxd3  1-0

[Event "TCh-FIN 2001-02"]
[Site "FIN"]
[Date "2001.10.21"]
[Round "3"]
[White "Luukkonen,T"]
[Black "Nivala,T"]
[Result "0-1"]
[WhiteElo "2171"]
[BlackElo "2180"]

1.c4 Nf6 2.Nc3 c5 3.Nf3 b6 4.e4 d6 5.d4 cxd4 6.Nxd4 g6 7.Be2 Bb7 8.f3 Bg7
9.O-O O-O 10.Be3 Nc6 11.Qd2 Rc8 12.Rfd1 Nd7 13.Rac1 Nxd4 14.Bxd4 Bxd4+ 15.Qxd4 Qc7
16.b4 Bc6 17.a4 a5 18.Rb1 axb4 19.Rxb4 Ra8 20.f4 Nc5 21.Nd5 Bxd5 22.cxd5 Qd7
23.Bb5 Qg4 24.e5 Rad8 25.Rd2 e6 26.Be2 Qh4 27.g3 Qh3 28.Rxb6 exd5 29.Qxd5 dxe5
30.Qxd8 Rxd8 31.Rxd8+ Kg7 32.fxe5 Qf5 33.e6 Ne4  0-1

[Event "WYG16"]
[Site "Oropesa del Mar ESP"]
[Date "2001.10.23"]
[Round "3"]
[White "Bashkite,V"]
[Black "Novikova,A"]
[Result "0-1"]
[WhiteElo "2062"]
[BlackElo "2249"]

1.c4 c5 2.Nf3 b6 3.Nc3 Nf6 4.g3 Bb7 5.Bg2 d6 6.O-O g6 7.d4 cxd4 8.Qxd4 Bg7
9.Qh4 h6 10.Rd1 Nbd7 11.Nd5 Rc8 12.Rb1 Rc5 13.Nxf6+ Bxf6 14.Qg4 Bxf3 15.Qxf3 Rxc4
16.Qa3 Rc7 17.Be3 Bg7  0-1

[Event "Jonsson Mem Open"]
[Site "Reykjavik ISL"]
[Date "2001.10.23"]
[Round "1"]
[White "Ehlvest,J"]
[Black "Ulfarsson,M"]
[Result "1/2-1/2"]
[WhiteElo "2626"]
[BlackElo "2298"]

1.Nf3 Nf6 2.c4 c5 3.Nc3 b6 4.g3 Bb7 5.Bg2 e6 6.O-O Be7 7.Re1 O-O 8.e4 d6
9.d4 cxd4 10.Nxd4 Qc8 11.b3 a6 12.Ba3 Nbd7 13.Rc1 Re8 14.f4 h6 15.f5 Bf8
16.fxe6 fxe6 17.Bh3 Nc5 18.Qc2 a5 19.Rcd1 Qc7 20.Ndb5 Qc6 21.Bg2 Rad8 22.Rd2 Qc8
23.Qd1 Qb8 24.Bb2 Ba8 25.a3 Kh8 26.b4 axb4 27.axb4 Na6 28.Qa4 Bb7 29.Red1 d5
30.cxd5 Bxb4 31.Ba3 Bxa3 32.Qxa3 exd5 33.exd5 Qe5 34.Re2 Qh5 35.Rxe8+ Qxe8
36.Qc1 Bxd5 37.Nxd5 Qxb5 38.Nxf6 Qc5+ 39.Kh1 Qxc1 40.Rxc1 gxf6 41.Bf1 Nc5  1/2-1/2

[Event "WYG18"]
[Site "Oropesa del Mar ESP"]
[Date "2001.10.25"]
[Round "5"]
[White "Caoili,A"]
[Black "Matseyko,K"]
[Result "1-0"]
[WhiteElo "2257"]
[BlackElo "2145"]

1.Nf3 Nf6 2.c4 c5 3.Nc3 d5 4.cxd5 Nxd5 5.e3 g6 6.Qb3 Nc7 7.Bc4 e6 8.Ne4 b6
9.Qc3 f6 10.Nxf6+ Ke7 11.Ne4 Rg8 12.Qf6+ Ke8 13.Nfg5 Rg7 14.Bxe6 Bb7 15.Bf7+ Kd7
16.Qxd8+ Kxd8 17.f3 h6 18.Ne6+ Nxe6 19.Bxe6 Re7 20.Bb3 Bxe4 21.fxe4 Nc6 22.d3 Kc7
23.Bd2 Rd8 24.Ke2 Red7 25.Bd5  1-0

[Event "Chigorin Mem Open"]
[Site "St Petersburg RUS"]
[Date "2001.10.26"]
[Round "1"]
[White "Chistjakova,E"]
[Black "Orlov,An"]
[Result "0-1"]
[WhiteElo "2074"]
[BlackElo "2378"]

1.Nf3 Nf6 2.c4 e6 3.Nc3 c5 4.g3 a6 5.Bg2 Qc7 6.O-O Be7 7.e3 O-O 8.Qe2 d6
9.b3 Nbd7 10.Bb2 Rb8 11.Rfd1 b6 12.d4 Bb7 13.e4 Rfe8 14.d5 Bf8 15.Qc2 e5
16.Nh4 g6 17.Bh3 Bg7 18.a4 Qd8 19.Bc1 Bc8 20.Be3 Nh5 21.Nf3 Ndf6 22.Bxc8 Qxc8
23.Kg2 Nf4+ 24.Bxf4 exf4 25.Rab1 Nh5 26.Re1 fxg3 27.hxg3 Nf4+ 28.Kg1 Qh3
29.gxf4 Qxf3 30.Re3 Qxf4 31.Ne2 Qg4+ 32.Kf1 Bh6 33.Rg3 Qxe4 34.Qxe4 Rxe4
35.Nc3 Ree8 36.Rf3 Bg7 37.Ne2 b5 38.axb5 axb5 39.Rc1 h5 40.Re3 Rxe3 41.fxe3 Be5
42.Rc2 bxc4 43.bxc4 Rb2 44.Rc1 g5 45.Nc3 h4 46.Ne4 h3 47.Kg1 g4  0-1

[Event "Chigorin Mem Open"]
[Site "St Petersburg RUS"]
[Date "2001.10.26"]
[Round "1"]
[White "Dzhakaev,D"]
[Black "Lovkov,R"]
[Result "1-0"]
[WhiteElo "2401"]
[BlackElo "2151"]

1.Nf3 Nf6 2.c4 c5 3.Nc3 b6 4.d4 cxd4 5.Nxd4 Bb7 6.f3 a6 7.e4 d6 8.Be3 e6
9.Be2 Nbd7 10.a4 Be7 11.a5 bxa5 12.Nb3 Rc8 13.Nxa5 Ba8 14.O-O O-O 15.Qd2 Qc7
16.Rfc1 Qb8 17.b4 Rfe8 18.Rab1 Bd8 19.c5 Bc7 20.c6 Ne5 21.Bxa6 Rcd8 22.Nb5 d5
23.Nxc7 Qxc7 24.b5 dxe4 25.b6 Qe7 26.Qf2 Bxc6 27.Nxc6 Nxc6 28.Rxc6 exf3 29.Qxf3 Qa3
30.b7 Nd7 31.Ba7 Qa2 32.Qb3  1-0

[Event "Chigorin Mem Open"]
[Site "St Petersburg RUS"]
[Date "2001.10.26"]
[Round "1"]
[White "Malinin,Y"]
[Black "Hansson,H"]
[Result "1/2-1/2"]
[WhiteElo "2411"]
[BlackElo "2182"]

1.Nf3 Nf6 2.c4 g6 3.Nc3 c5 4.d4 cxd4 5.Nxd4 Bg7 6.e4 d6 7.Be2 O-O 8.O-O Nc6
9.Be3 Bd7 10.Qd2 Nxd4 11.Bxd4 Bc6 12.f3 Nd7 13.Be3 a5 14.b3 f5 15.exf5 Rxf5
16.Rad1 Qc7 17.f4 Nc5 18.Bg4 Rff8 19.Nd5 Bxd5 20.Qxd5+ Kh8 21.f5 Qc6 22.fxg6 Qxd5
23.Rxd5 hxg6 24.Bf3 Rac8 25.Re1 Bf6 26.Bd1 Kg7 27.Bc2 Rh8 28.Bd2 b6 29.Re3 Be5
30.Rdxe5 dxe5 31.Rxe5 Kf7 32.Re3 Rc6 33.Bc3 Rd8 34.Rf3+ Ke8 35.a3 Re6 36.b4 axb4
37.axb4 Nd7 38.Ba4 Ra8 39.Bb5 Kd8 40.h4 Kc7 41.Rg3 Rf8 42.Rg4 Ra8 43.Kh2  1/2-1/2

[Event "Chigorin Mem Open"]
[Site "St Petersburg RUS"]
[Date "2001.10.27"]
[Round "2"]
[White "Zakharstov,V"]
[Black "Mukhin,G"]
[Result "1-0"]
[WhiteElo "2527"]
[BlackElo "2381"]

1.Nf3 Nf6 2.c4 c5 3.Nc3 e6 4.g3 d5 5.cxd5 Nxd5 6.Bg2 Nc6 7.O-O Be7 8.d4 O-O
9.Nxd5 exd5 10.dxc5 Bxc5 11.Bg5 f6 12.Bd2 Be6 13.e3 Ne5 14.Bc3 Qd6 15.Qa4 Rfd8
16.Rfd1 Nxf3+ 17.Bxf3 Qc6 18.Qxc6 bxc6 19.Rac1 Bb6 20.Bd4 Rac8 21.Bc5 Kf7
22.Rd3 Bxc5 23.Rxc5 Ke7 24.Rdc3 Kd6 25.b4 f5 26.h4 Rc7 27.a3 Rb8 28.Be2 g6
29.f4 Bd7 30.Kf2 Be8 31.Ke1 h6 32.Kd2 Re7 33.Bf3 Rb6 34.Ra5 Rg7 35.Rc1 Rbb7
36.Kd3 Rge7 37.Kd4 Rec7 38.Rac5 Re7 39.R1c3 Rb6 40.Ra5 Bf7 41.Rcc5 Be8 42.Ra4 Rbb7
43.Ra6 Rb6 44.Rca5 Rxa6 45.Rxa6 Rb7 46.Bxd5 Rb6 47.Bc4  1-0

[Event "World Seniors"]
[Site "Arco ITA"]
[Date "2001.10.28"]
[Round "11"]
[White "Uhlmann,W"]
[Black "Titz,Hei"]
[Result "1/2-1/2"]
[WhiteElo "2473"]
[BlackElo "2306"]

1.c4 c5 2.Nf3 Nf6 3.Nc3 e6 4.g3 b6 5.Bg2 Bb7 6.d4 cxd4 7.Qxd4 Be7 8.O-O O-O
9.e4 Nc6 10.Qe3 d6 11.Rd1 Qb8 12.b3 Rd8 13.Bb2 Ng4 14.Qe2 Nge5 15.Ne1 Nd7
16.f4 a6 17.Kh1 Bf6 18.Nf3 Nc5 19.Qe3 Qc7 20.Rd2 Rab8 21.Re1 Ba8 22.Nd1 Bxb2
23.Nxb2 Ne7 24.Nh4 a5 25.f5 Bc6 26.Rf2 Re8 27.f6 Ng6 28.fxg7 Nxh4 29.gxh4 f5
30.exf5 exf5 31.Qc1 Rxe1+ 32.Qxe1 Re8 33.Qd1 Bxg2+ 34.Rxg2 Qc6 35.Kg1 Re7
36.Qh5 Qe8 37.Qxe8+ Rxe8 38.Kf1 Re4 39.Nd1 Rxh4 40.Ne3 Rf4+ 41.Kg1 Nd7 42.Rd2 Rf3
43.Ng2 Ne5 44.Rxd6 Rd3 45.Rxb6 Rd2 46.Nh4 Kxg7 47.Re6 Ng4 48.Nxf5+ Kf7 49.Rd6 Rxa2
50.h3 Ne5 51.Nd4 a4 52.bxa4 Rxa4 53.Rd5 Rxc4  1/2-1/2

[Event "WYG18"]
[Site "Oropesa del Mar ESP"]
[Date "2001.10.29"]
[Round "8"]
[White "Srebrnic,A"]
[Black "De los Santos Honrubia,M"]
[Result "1/2-1/2"]
[WhiteElo "2172"]
[BlackElo "2078"]

1.Nf3 Nf6 2.c4 c5 3.Nc3 d5 4.cxd5 Nxd5 5.g3 Nc6 6.Bg2 Nxc3 7.bxc3 e5 8.O-O Be7
9.Bb2 O-O 10.d4 e4 11.Ne1 f5 12.Nc2 Be6 13.Ne3 cxd4 14.cxd4 Bd5 15.Qa4 a6
16.Nxd5 Qxd5 17.e3 b5 18.Qb3 Qf7 19.Qxf7+ Kxf7 20.Bh3 g6 21.g4 Ke6 22.gxf5+ gxf5
23.f3 Kd5 24.fxe4+ fxe4 25.Bf5 Bg5 26.Bc1 h6 27.h4 Bxh4 28.Rf4 Bg5 29.Bxe4+ Kd6
30.Rxf8 Rxf8 31.Bxc6 Kxc6 32.e4 Re8 33.Bxg5 hxg5 34.Re1 Rf8 35.Rc1+ Kd6 36.Rc5 Rf4
37.Re5 b4 38.Kg2 a5 39.Rxg5 Rxe4 40.Rxa5 Rxd4 41.Kf3 Kc6 42.Ke3 Rd1 43.Ke2 Rd4
44.Ke3 Rd1  1/2-1/2

[Event "Chigorin Mem Open"]
[Site "St Petersburg RUS"]
[Date "2001.10.30"]
[Round "5"]
[White "Kirusha,A"]
[Black "Lovkov,R"]
[Result "1-0"]
[WhiteElo "2336"]
[BlackElo "2151"]

1.Nf3 c5 2.c4 Nf6 3.Nc3 b6 4.g3 Bb7 5.Bg2 e6 6.O-O Be7 7.Re1 d6 8.e4 Nbd7
9.d4 cxd4 10.Nxd4 Qb8 11.Be3 O-O 12.f4 Qc8 13.Rc1 a6 14.Bf2 Ne8 15.f5 e5
16.Nd5 Bg5 17.Nf3 Bd8 18.g4 Bxd5 19.cxd5 Qb7 20.Qc2 Be7 21.g5 Bd8 22.b4 Qb8
23.Bh3 b5 24.Qd3 Nb6 25.Rc6 Nc4 26.Rb1 Qb7 27.a4 Rc8 28.Rxc8 Qxc8 29.a5 h6
30.gxh6 gxh6 31.Kh1 Kh7 32.f6 Qb7 33.Bf5+ Kh8 34.Nxe5 Nxe5 35.Qh3 Ng6 36.Qxh6+ Kg8
37.Bxg6 fxg6 38.Qxg6+ Ng7 39.Bd4 Bxf6 40.Bxf6 Qf7 41.Qxg7+ Qxg7 42.Bxg7 Kxg7
43.Rg1+ Kh6 44.e5 dxe5 45.d6 Rd8 46.Rd1 Rd7 47.Kg2 Kg5 48.Kf3 Kf5 49.Ke3 Ke6
50.Ke4 Kf7 51.Kxe5 Ke8 52.Kd5 Kd8 53.Rf1 Rh7 54.Kc6 Rh8 55.Rf7 Kc8 56.Ra7 Kb8
57.Rxa6 Rxh2 58.Kxb5 Rh5+ 59.Kc6 Rh3 60.Rb6+ Ka8 61.d7 Rc3+ 62.Kd6 Rd3+ 63.Kc7 Rc3+
64.Rc6 Rxc6+ 65.Kxc6  1-0

[Event "Chigorin Mem Open"]
[Site "St Petersburg RUS"]
[Date "2001.10.30"]
[Round "5"]
[White "Malinin,Y"]
[Black "Lysyj,I"]
[Result "1-0"]
[WhiteElo "2411"]
[BlackElo "2314"]

1.Nf3 e6 2.c4 Nf6 3.Nc3 c5 4.e3 d5 5.d4 a6 6.cxd5 exd5 7.Be2 Nc6 8.O-O cxd4
9.Nxd4 Bd6 10.b3 O-O 11.Bb2 Bc7 12.Nxc6 bxc6 13.Qd4 Qd6 14.g3 c5 15.Qh4 Rb8
16.Rfd1 Rb4 17.Bc4 Bb7 18.Nxd5 Bxd5 19.Bxf6 gxf6 20.a3  1-0

[Event "TCh-AUT 2001-2"]
[Site "Moerbisch AUT"]
[Date "2001.10.31"]
[Round "1"]
[White "Stangl,M"]
[Black "Atlas,V"]
[Result "1-0"]
[WhiteElo "2457"]
[BlackElo "2484"]

1.Nf3 c5 2.c4 Nf6 3.Nc3 e6 4.g3 b6 5.Bg2 Bb7 6.O-O Be7 7.Re1 d6 8.e4 Nbd7
9.d4 cxd4 10.Nxd4 Qc7 11.f4 O-O 12.Be3 Rac8 13.g4 Nc5 14.Bf2 Rfd8 15.g5 Ne8
16.b4 Na6 17.Ncb5 Qb8 18.Qb3 Bf8 19.f5 exf5 20.Nxf5 Nac7 21.Nbd4 Rd7 22.Bh3 Rcd8
23.Qg3 Kh8 24.Rad1 a6 25.a4 g6 26.Nh6 f6 27.Bxd7 Rxd7 28.Nf3 Ne6 29.Bxb6 Bg7
30.a5 Qa8 31.Qh3 Re7 32.Nf7+ Kg8 33.Nxd6 fxg5 34.Nxb7 Qxb7 35.Qg3 h6 36.e5 Nf4
37.h4 Qc6 38.hxg5 Qxc4 39.gxh6 Bxh6 40.Nd4 Kh7 41.Bc5 Rd7 42.Qf3 Ng7 43.Bd6 Qc8
44.Re4 Ngh5 45.Rf1 Rd8 46.Kh2 g5 47.Rg1 Qc4 48.Qb3 Qc8 49.Re3 Kh8 50.Qc2 Qb7
51.Qc6 Qg7 52.Qe4 Qg8 53.e6 Rxd6 54.Qe5+ Bg7 55.Qxd6 Nf6 56.Rxg5 Qh7+ 57.Kg1 Qb1+
58.Kf2 Nd3+ 59.Kg2 Ne1+ 60.Rxe1 Qxe1 61.Qb8+ Kh7 62.Qf4 Ng8 63.Nf5 Qe2+ 64.Kh3 Bf8
65.e7 Bh6 66.Nxh6 Nxh6 67.Rg7+ Kxg7 68.Qf8+ Kh7 69.e8=Q Qh5+ 70.Kg2 Qg4+
71.Kf1 Qc4+ 72.Qe2 Qc1+ 73.Qe1 Qc4+ 74.Kg2 Qg4+ 75.Qg3 Qe2+ 76.Qff2 Qe4+
77.Kg1 Qd5 78.Qa7+ Nf7 79.Qh3+ Kg7 80.Qg2+  1-0

[Event "Chigorin Mem Open"]
[Site "St Petersburg RUS"]
[Date "2001.10.31"]
[Round "6"]
[White "Kuporosov,V"]
[Black "Fominyh,A"]
[Result "1/2-1/2"]
[WhiteElo "2469"]
[BlackElo "2550"]

1.Nf3 Nf6 2.c4 c5 3.Nc3 e6 4.g3 b6 5.Bg2 Bb7 6.O-O Be7 7.b3 O-O 8.Bb2 d5
9.e3 Nc6 10.cxd5 Nxd5 11.Nxd5 Qxd5 12.d4 Rad8 13.Ne5 Qd6 14.dxc5 Qxc5 15.Qe2 Nxe5
16.Bxb7 Bf6 17.Rac1  1/2-1/2

[Event "Chigorin Mem Open"]
[Site "St Petersburg RUS"]
[Date "2001.10.31"]
[Round "6"]
[White "Kornev,Alexe"]
[Black "Dzhakaev,D"]
[Result "1-0"]
[WhiteElo "2518"]
[BlackElo "2401"]

1.Nf3 c5 2.c4 Nf6 3.Nc3 b6 4.e3 g6 5.d4 Bg7 6.Be2 O-O 7.O-O d6 8.h3 Na6 9.a3 Bf5
10.Bd3 Bxd3 11.Qxd3 Nc7 12.d5 a6 13.e4 b5 14.Re1 Rb8 15.e5 Nd7 16.exd6 exd6
17.Bg5 f6 18.Bf4 bxc4 19.Qxc4 Ne5 20.Nxe5 fxe5 21.Be3 Rxb2 22.Na4 Rb5 23.Nxc5 dxc5
24.d6+ Rf7 25.dxc7 Qxc7 26.Red1 h6 27.Rd5 Qb7 28.Rad1 Kh7 29.Rxc5 Rxc5 30.Qxc5 Rd7
31.Rc1 Rd3 32.Kh2 Qb5 33.Qe7 Rd7 34.Qe6 Qd3 35.Rc6 a5 36.Ra6 Rb7 37.Rxa5 Qf5
38.Qc6 Rf7 39.Ra4 h5 40.Qe4 Rd7 41.g4 hxg4 42.hxg4 Qf6 43.Qh1 Kg8 44.Ra8+ Kf7
45.Kg3  1-0

[Event "TCh-AUT 2001-2"]
[Site "Moerbisch AUT"]
[Date "2001.11.01"]
[Round "2"]
[White "Pilaj,H"]
[Black "Mahdi,K"]
[Result "1/2-1/2"]
[WhiteElo "2318"]
[BlackElo "2352"]

1.Nf3 Nf6 2.c4 g6 3.Nc3 c5 4.e4 Bg7 5.d4 O-O 6.Be2 d6 7.O-O Bg4 8.d5 Na6
9.Bf4 Nc7 10.Re1 Rb8 11.e5 Nfe8 12.a4 a6 13.Qd3 Bd7 14.b3 b5 15.axb5 axb5
16.Ne4 Bf5 17.Qe3 bxc4 18.bxc4 Rb4 19.Rad1 Bxe4 20.Qxe4 Qa8 21.Qe3 Qa4 22.Ra1 Qd7
23.Ra7 Qd8 24.Bf1 Qb8 25.Ra3 Qb6 26.Bh6 e6 27.exd6 Qxd6 28.Bf4 Qb6 29.Ne5 Nf6
30.Nd3 Rxc4 31.Bxc7 Qxc7 32.dxe6 Re4 33.exf7+ Qxf7 34.Qxc5 Nd7 35.Qc1 Rxe1
36.Qxe1 Bd4 37.Ra4 Qf6 38.Rc4 Bb6 39.Rc2 Qd6 40.g3 Nf6 41.Qe5 Rd8 42.Qxd6 Rxd6
43.Kg2 Nd7 44.h4  1/2-1/2

[Event "Jonsson Mem Open"]
[Site "Reykjavik ISL"]
[Date "2001.11.01"]
[Round "9"]
[White "Johannessen,LE"]
[Black "Gunnarsson,J"]
[Result "1-0"]
[WhiteElo "2429"]
[BlackElo "2386"]

1.c4 Nf6 2.Nc3 c5 3.Nf3 b6 4.e4 d6 5.d4 cxd4 6.Nxd4 Bb7 7.Qe2 e6 8.g4 Be7
9.g5 Nfd7 10.h4 Nc6 11.Be3 Rc8 12.Bg2 O-O 13.O-O Re8 14.Nxc6 Bxc6 15.Nb5 Bxb5
16.cxb5 Qc7 17.Rac1 Qb7 18.b4 Bf8 19.a3 g6 20.f4 Rxc1 21.Rxc1 Rc8 22.Rc4 Nb8
23.Qc2 Rxc4 24.Qxc4 Bg7 25.a4 Kf8 26.f5 Be5 27.fxe6 fxe6 28.a5 Ke7 29.Bf2 Nd7
30.a6 Qa8 31.Bh3 Qg8 32.Kg2 Qf7 33.Be3 Bf4 34.Bf2 h6 35.gxh6 Bxh6 36.Bg3 Qf6
37.Bg4 Bf4 38.Bxf4 Qxf4 39.Qxe6+ Kf8 40.Qxd7 Qd2+ 41.Kf1 Qc1+ 42.Kf2 Qf4+
43.Bf3 Qxh4+ 44.Ke2 Qf6 45.Qc8+ Kg7 46.Qc4 g5 47.Qd5 Qb2+ 48.Kf1 Qc1+ 49.Kg2 Qf4
50.Qf5 Qd2+ 51.Kh3 Qe3 52.Kg4 Qg1+ 53.Kh5 Qh2+ 54.Kxg5 Qd2+ 55.Qf4 Qd4 56.Bh5 Qg1+  1-0

[Event "TCh-AUT 2001-2"]
[Site "Moerbisch AUT"]
[Date "2001.11.03"]
[Round "4"]
[White "Wells,P"]
[Black "Lehner,O"]
[Result "1-0"]
[WhiteElo "2517"]
[BlackElo "2437"]

1.Nf3 c5 2.c4 Nf6 3.Nc3 b6 4.e3 g6 5.d4 cxd4 6.exd4 Bg7 7.Be2 d5 8.Ne5 O-O
9.Bf3 Bb7 10.O-O Na6 11.Re1 Nc7 12.Qa4 Ne6 13.cxd5 Nxd5 14.Bxd5 Bxd5 15.Nd7 Nxd4
16.Nxf8 Bc6 17.Ne6 fxe6 18.Qd1 Qd7 19.Bf4 Qb7 20.Be5 Rd8 21.Qg4 Bf3 22.Qg3 Bxe5
23.Rxe5 Qc7 24.Rd5  1-0

[Event "2nd It"]
[Site "Odivelas POR"]
[Date "2001.11.07"]
[Round "2"]
[White "Strikovic,A"]
[Black "Dias,P"]
[Result "1-0"]
[WhiteElo "2506"]
[BlackElo "2285"]

1.Nf3 Nf6 2.c4 c5 3.Nc3 e6 4.e4 Nc6 5.Be2 d5 6.exd5 exd5 7.d4 Be6 8.O-O dxc4
9.Be3 cxd4 10.Nxd4 Nxd4 11.Bxd4 Be7 12.Bf3 O-O 13.Bxb7 Bg4 14.f3 Rb8 15.fxg4 Rxb7
16.g5 Ne8 17.Qg4 Nc7 18.Bf6 Ne6 19.Rad1 Qb6+ 20.Kh1 Bxf6 21.gxf6 Qxb2 22.fxg7 Nxg7
23.Rb1 Qxc3 24.Rxb7 Qd3 25.Qf3 Qxf3 26.Rxf3 Ne6 27.Rg3+  1-0

[Event "EuTChw"]
[Site "Leon ESP"]
[Date "2001.11.08"]
[Round "3"]
[White "Srebrnic,A"]
[Black "Bojkovic,N"]
[Result "1/2-1/2"]
[WhiteElo "2172"]
[BlackElo "2452"]

1.Nf3 Nf6 2.c4 e6 3.Nc3 c5 4.d4 cxd4 5.Nxd4 a6 6.g3 Qc7 7.Qd3 Nc6 8.Nxc6 Qxc6
9.e4 Bc5 10.Bg2 Ng4 11.O-O Ne5 12.Qe2 Bd4 13.Be3 Bxc3 14.bxc3 Nxc4 15.Qg4 Rg8
16.e5 Qc7 17.Qh5 h6 18.Bd4 Rb8 19.Ba7 Ra8 20.Bd4 Rb8 21.Ba7 Ra8 22.Bd4  1/2-1/2

[Event "VI IM"]
[Site "Rijeka CRO"]
[Date "2001.11.08"]
[Round "5"]
[White "Szuhanek,R"]
[Black "Troselj,T"]
[Result "1-0"]
[WhiteElo "2450"]
[BlackElo "2107"]

1.Nf3 e6 2.c4 c5 3.Nc3 Nf6 4.d4 cxd4 5.Nxd4 a6 6.e4 Bb4 7.Bd3 Qc7 8.O-O Nc6
9.Nf3 Ng4 10.h3 Nge5 11.Be3 Nxf3+ 12.Qxf3 Ne5 13.Qe2 Bc5 14.Rac1 b6 15.a3 Bxe3
16.Qxe3 Qc5 17.Qg3 Nxd3 18.Qxd3 O-O 19.b4 Qc6 20.Rfd1 Rd8 21.Qd6 Bb7 22.Qxc6 Bxc6
23.Rd6 Rac8 24.Rcd1 b5 25.c5 Kf8 26.f3 Ke7 27.Ne2 Rc7 28.Nd4 Ra8 29.Nb3 Rd8
30.Kf2 Ra8 31.Ke3 Rd8 32.h4 h5 33.Nd4 Ra8 34.Nb3 Rd8 35.Kf4 Rh8 36.Na5 Ra8
37.g4 Rh8 38.gxh5 Rxh5 39.Nxc6+ dxc6 40.Rd8 a5 41.Kg4 g6 42.Ra8 axb4 43.axb4 Rd7
44.Rxd7+ Kxd7 45.Ra7+ Ke8 46.Rc7 f5+ 47.exf5 exf5+ 48.Kg3 g5 49.hxg5 Rxg5+
50.Kf4 Rg1 51.Ke5 Rb1 52.Ke6 Kd8 53.Rd7+ Kc8 54.Rd4 Rb3 55.f4 Rc3 56.Kxf5 Kc7
57.Ke5 Re3+ 58.Re4 Rc3 59.Rd4 Re3+ 60.Kf6 Rc3 61.f5 Rc4 62.Ke5 Rc1 63.f6 Re1+
64.Re4 Rf1 65.Ke6 Kd8 66.f7 Rf2 67.Rd4+ Kc8 68.Rd6 Kb7 69.Ke7  1-0

[Event "EuTChw"]
[Site "Leon ESP"]
[Date "2001.11.10"]
[Round "5"]
[White "Maric,A"]
[Black "Zhukova,N"]
[Result "1/2-1/2"]
[WhiteElo "2457"]
[BlackElo "2441"]

1.Nf3 Nf6 2.c4 c5 3.Nc3 d5 4.cxd5 Nxd5 5.d4 Nxc3 6.bxc3 g6 7.Bf4 cxd4 8.Qxd4 Qxd4
9.cxd4 Nc6 10.e3 Bg7 11.Bb5 Bd7 12.O-O O-O 13.Rab1 Bf5 14.Rb2 Na5 15.Bc7 b6
16.Ba6 Bc8 17.Bxc8 Rfxc8 18.Rc1 Kf8 19.Rbc2 Ke8 20.h4 h5 21.g3 Nb7 22.Bf4 Rxc2
23.Rxc2 Nd8 24.e4 Ne6 25.Be3 Rd8 26.d5 Nc5 27.Nd2 Nd3 28.Rc7 Rd7 29.Rc8+ Rd8
30.Rc7 Rd7  1/2-1/2

[Event "ch-ROM w"]
[Site "Targoviste ROM"]
[Date "2001.11.24"]
[Round "1"]
[White "Olarasu,G"]
[Black "Mosnegutu,M"]
[Result "1-0"]
[WhiteElo "2285"]
[BlackElo "2230"]

1.Nf3 c5 2.c4 Nf6 3.Nc3 b6 4.e4 d6 5.d4 cxd4 6.Nxd4 Bb7 7.f3 g6 8.Bg5 Bg7
9.Qd2 h6 10.Be3 Nbd7 11.Be2 Rc8 12.Rc1 Qc7 13.O-O Qb8 14.Rfd1 h5 15.Nd5 h4
16.Nb5 a6 17.Nbc3 Nxd5 18.cxd5 O-O 19.Bg5 Bf6 20.Bxf6 Nxf6 21.Qh6 b5 22.Qxh4 b4
23.Na4 Rxc1 24.Rxc1 Rc8 25.Bc4 a5 26.b3 Ba6 27.Qf2 Nd7 28.Qd4 Bb5 29.Nb2 Nb6
30.h4 Qc7 31.Kf2 a4 32.Nd3 Bxc4 33.bxc4 b3 34.axb3 axb3 35.c5 dxc5 36.Rxc5 Qh2
37.Rxc8+ Nxc8 38.e5 Kh7 39.Nb2 Qh1 40.d6 exd6 41.exd6 Nxd6 42.Qxd6 Qxh4+
43.Ke2 Qg5 44.g4 Qc1 45.Qh2+ Kg7 46.Qe5+ Kh7 47.Nd3 Qc4 48.Ke3  1-0